Т. 3: Уголь Евразии; Уголь мира

Bibliografske podrobnosti
Parent link:Уголь мира/ Б. М. Воробьев; под общей ред. Л. А. Пучкова. Т. 3 : Уголь Евразии.— , 2007-
Izvleček:Настоящее издание — III том монографического сериала «Уголь мира». Освещаются основные аспекты состояния и развития угледобычи и углепотребления в страновом разрезе в Европе и Азии. Специальная часть посвящена угольной промышленности России. Описывается ресурсная база угольной промышленности отдельных стран, бассейнов и месторождений. Рассматривается международная торговля углем и особенно экспортно-импортной активность отдельных стран Евразии на мировом рынке угля. Показаны динамика потребления угля и области его использования. Для широкого круга научных и практических работников, студентов, слушателей и аспирантов, интересующихся проблемами угольной промышленности и углеэнергетики.
Jezik:ruščina
Izdano: 2013
Teme:
Format: Knjiga
KOHA link:https://koha.lib.tpu.ru/cgi-bin/koha/opac-detail.pl?biblionumber=234094

MARC

LEADER 00000nam2a2200000 4500
001 234094
005 20231101231308.0
010 |a 9785986723488 
035 |a (RuTPU)RU\TPU\book\255193 
090 |a 234094 
100 |a 20130318d2013 k y0rusy50 ca 
101 0 |a rus 
102 |a RU 
105 |a a z 001zy 
200 0 |a Т. 3: Уголь Евразии 
210 |d 2013 
215 |a 751 с.  |c ил. 
320 |a Библиогр.: с. 741-746. 
330 |a Настоящее издание — III том монографического сериала «Уголь мира». Освещаются основные аспекты состояния и развития угледобычи и углепотребления в страновом разрезе в Европе и Азии. Специальная часть посвящена угольной промышленности России. Описывается ресурсная база угольной промышленности отдельных стран, бассейнов и месторождений. Рассматривается международная торговля углем и особенно экспортно-импортной активность отдельных стран Евразии на мировом рынке угля. Показаны динамика потребления угля и области его использования. Для широкого круга научных и практических работников, студентов, слушателей и аспирантов, интересующихся проблемами угольной промышленности и углеэнергетики. 
461 1 |0 (RuTPU)RU\TPU\book\125010  |t Уголь мира  |f Б. М. Воробьев  |g под общей ред. Л. А. Пучкова  |v Т. 3 : Уголь Евразии  |d 2007-  
606 1 |a Угольная промышленность  |2 stltpush  |3 (RuTPU)RU\TPU\subj\72515  |9 85992 
610 1 |a уголь 
610 1 |a Евразия 
610 1 |a Европа 
610 1 |a Россия 
610 1 |a зарубежная Азия 
610 1 |a угледобыча 
610 1 |a углепотребление 
610 1 |a ресурсная база 
610 1 |a угольные месторождения 
610 1 |a угольные бассейны 
675 |a 622.333  |v 3 
801 1 |a RU  |b 63413507  |c 20130318 
801 2 |a RU  |b 63413507  |c 20150623  |g RCR 
942 |c BK 
959 |a 27/20130207  |d 2  |e 1150,00  |f ЧЗТЛ:1  |f АНЛ:1